000 01958dam0a2200445 4500
001 RU\NLR\bibl\263039
005 20260407074914.0
021 _aRU
_b2002-2364п
_9115
021 _aRU
_b2002-2364
_9115
035 _a(NLR Aleph) 000258669
090 _a1510628
_c1510628
100 _a20020426d2001 u y0rusy50 ca
101 0 _arus
102 _aRU
105 _ay |||||||||
200 1 _aМатериалы межвузовской научно-практической конференции "Дни науки", [апр. 2001 г.]
_fПод ред. д.ист.н., проф., акад. В.А. Казначеева
210 _aПятигорск
_cТехнол. ун-т
_d2001
215 _a83 с.
_d21
225 1 _aНаучные труды
_fПятигор. гос. технол. ун-т
_vN 7
225 1 _aСерия "Технические и прикладные науки", "Юриспруденция"
300 _aНа обл. только загл. сер.
320 _aБиблиогр.: с.32 (7 назв.) и в подстроч. примеч.
606 0 _aТехника
_jСъезды, совещания и т.п.
_91247040
_3RU\NLR\auth\66510030
606 0 _aСуд присяжных
_jСъезды, совещания и т.п.
_yРоссийская Федерация
_91300290
_3RU\NLR\auth\66538456
610 0 _aПищевые производства
610 0 _aПраво
675 _a663/664.615.35(082)
_v3
_zrus
675 _a340(082)
_v3
_zrus
686 _a65
_2rugasnti
686 _a36-1
_2rubbk
686 _aЖ.я431
686 _aХ629.38я431
710 1 2 _a"Дни науки", межвузовская науч.-практ. конф
_f2001
_eПятигорск
_3RU\NLR\AUTH\8810039026
_9576953
801 0 _aRU
_bRKP
_c20020426
_gPSBO
801 1 _aRU
_bRKP
_c20020426
801 2 _aRU
_bNLR
_c20030122
_grcr
852 _aNLR
_jП1/644
942 _cBOOK